00661 2200229 4500001002100000005001500021035002000036007000300056008004100059020002200100082001400122084002000136100001800156245007900174260004400253300003700297650002100334700002700355700001300382504002700395990000900422INLIS00000000000352020190528115808 a0010-0519000111ta190528 g 0 ind  a978-979-27-5223-6 a001.642 5 a001.642 5 SUK o0 aSUKE, Toejoeh1 aOne Stop for All Facebook /cSuke Toejoeh, Jimmy Wahyudi Bharata, Al Kalam aJakarta :bElex Media Komputindo,c2009 axix, 169 hlm. :bilus. ;c21 cm. 4aPROGRAM KOMPUTER0 aJIMMY, Wahyudi Bharata0 aAL KALAM aBibliografi : hlm. 169 a6331